Ends in 'ITE' Quiz Stats

 Plays Quiz Updated Feb 22, 2012

Also try: ADE Words
Challenge
Share
Tweet
Embed
Score 0/24 Timer 06:00
7 Plays Today
Definition 'ite' word % Correct
What you find inside a pencilgraphite
90.3%
Greek goddess of love and beautyAphrodite
84%
Flying toy at the end of a stringkite
75.7%
To request one's presence at a functioninvite
74.8%
A place Boy Scouts might set up their tents for the nightcampsite
73.6%
One who says one thing but does anotherhypocrite
71%
Small; little; especially said of a woman's trim figure petite
70.5%
Any organism that grows and feeds on another organism while contributing nothing to the survival of its hostparasite
70.5%
An object, often man-made, orbiting a celestial bodysatellite
70.2%
One of two things which are extremely different from each otheropposite
66.5%
Previously required as a preliminary, such as a required course to be taken before another in the same curriculumprerequisite
64.1%
Courteous; refined in behavior or mannerspolite
63.9%
Definition 'ite' word % Correct
The formation on the floor of a limestone cave due to dripping of mineralized solutions & deposition of calcium carbonatestalagmite
63.8%
A common, coarse-grained, hard igneous rock often used in monumentsgranite
58.9%
The best or most skilled members of a given social groupelite
54.5%
Desire for food or drinkappetite
54.3%
Christian religion; its members live simply & plainly (the Amish church formed after a split from this group)Mennonite
39.8%
Overused and commonplace; lacking originalitytrite
37.5%
Beautifully made or designed; exceedingly nice or beautifulexquisite
36.8%
Having boundaries; limitedfinite
35.5%
Yellow to brown mineral sulfide often called 'fool's gold'pyrite
34%
Something or someone regarded with partiality & preferred above othersfavorite
31.5%
Learned, scholarly or what you become after hours of Sporclingerudite
29.1%
An arthropod, extinct since the Paleozoic era; found in fossils; named for the three lobes on each segmenttrilobite
22.8%

You're not logged in!

Compare scores with friends on all Sporcle quizzes.
Join for Free
OR
Log In

You Might Also Like...

Show Comments

Extras

Top Quizzes Today


Score Distribution

Your Account Isn't Verified!

In order to create a playlist on Sporcle, you need to verify the email address you used during registration. Go to your Sporcle Settings to finish the process.

Report this User

Report this user for behavior that violates our Community Guidelines.

Details: